000 00908nas a2200313 4500
001 BR2011001098
003 BR-BrBNA
005 20231205114449.0
007 ta
008 230509b bl.|||p| |||| 00| 00por d
040 _aBR-BrBNA
_bpor
_cBiblioteca Nacional de Agricultura
041 _a(Pt)
072 _aF63
100 1 _aRibeiro, V,G,
100 1 _aVilaronga, C.P.P.
100 1 _aSiqueira, P.X.
100 1 _aAssis, J.S. de
100 1 _aQueiróz, S.O.P.
100 1 _aLopes, S.J.
245 1 _aExpressão da fertilidade de gemas da 'Superior Seedless' no município de Petrolina (PE)
650 _aUVA
650 _aGEMA
650 _aFERTILIDADE
650 _aMICROSCOPIA
650 _aESTATÍSTICA
773 0 _tRevista Caatinga (Brazil)
_xISSN 0100-316X
_g(Jul-Sep 2008), v. 21(3) p. 225-229
_wBR2011001098
909 _a202311
_bLúcia
_c55
_dLúcia Elande
942 _2AGRIS
_n0
_cANA
999 _c208888
_d208888